01240 a2200265 45000010006000000050017000060080041000230030015000640400040000790800057001192450059001760200018002352640059002533000019003125050362003310410008006931000025007017000023007267000019007497000021007687000042007897000018008317000026008498560099008754582220260407155730.0260407a1997 arg spa dAR-UNSa-BCEJYS aAR-UNSa-BCEJYSbspacAR-UNSa-BCEJYS a331.101.232xDivisión del trabajo según el sexo 10aLa división sexual del trabajoppermanencia y cambio a987-95170-2-4 1aBuenos Aires :bAsociación, Trabajo y Sociedadc1997 a274 p.c20 cm. aPrimera Parte: Concepto de trabajo, división sexual del trabajo y relaciones sociales de sexo (o relaciones de género) – Segunda Parte: Género, clases y movimientos sociales – Tercera Parte: Tecnologías, calificación y división sexual del trabajo – Cuarta Parte: Confrontaciones interdisciplinarias sobre la división sexual del trabajo - aspa1 aNeffa, Julio César1 aKergoat, Danièle1 aHirata, Helena1 aHabicht, Noemí1 aZylberberg-Hocquard, Marie-Hélène1 aRozas, Alicia1 aTorrecillas, Graciela41uhttps://www.biblioeco.unsa.edu.ar/pmb/images/libros/L127193.jpgyImagen de portadaqimage/jpeg